00591nam a2200169Ia 4500008004100000100002400041245007900065245004600144260005900190260000900249300001200258650001800270650001500288856002600303999001900329952007300348170221s9999 xx 000 0 und d aKristen Alley Swain aScience Explanations in News Coverage of the First Stem Cell Controversy  cKristen Alley Swain, Jennifer Hutt Hobson bOnline Journal of Communication and Media Technologies c2014 a34 : 13 xCommunication xMedia Arts uhttp://www.ojcmt.net/ c310908d310908 001040aCLbCLd2017-02-21l0r2017-02-21 00:00:00w2017-02-21yFOJ